书目信息 |
| 题名: |
客观的知识
|
|
| 作者: | 波普尔 , Popper 著 ;舒炜光 , 卓如飞 , 梁咏新 , 范景中 译 | |
| 分册: | ||
| 出版信息: | 杭州 中国美术学院出版社 2003.06 |
|
| 页数: | 407页 | |
| 开本: | 24cm | |
| 丛书名: | 波普尔哲学著作集 | |
| 单 册: | ||
| 中图分类: | B023 | |
| 科图分类: | ||
| 主题词: | 认识论 | |
| 电子资源: | ||
| ISBN: | 7-81083-231-X | |
| 000 | 01307nam2 2200361 45 | |
| 001 | 012003000000 | |
| 005 | 20041012093934.26 | |
| 010 | @a7-81083-231-X@dCNY 50.00 | |
| 100 | @a20031011d2003 ekmy0chiy0121 ea | |
| 101 | 1 | @achi@ceng |
| 102 | @aCN@b330000 | |
| 105 | @ak z 001yy | |
| 200 | 1 | @a客观的知识@Ake guan de zhi shi@e一个进化论的研究@dObjective knowledge: an evolutionary approach@f(英)卡尔·波普尔(Karl Popper)著@g舒炜光, 卓如飞, 梁咏新等译@zeng |
| 210 | @a杭州@c中国美术学院出版社@d2003.06 | |
| 215 | @a407页@c表格@d24cm | |
| 225 | 2 | @a波普尔哲学著作集@f范景中主编 |
| 305 | @a原据牛津克莱伦登出版社1972年版译出, 现据1991年增补本修订 | |
| 320 | @a本书末含附录和索引(第336-407页) | |
| 330 | @a本书内容包括: 我对归纳问题的解决, 没有认识主体的认识论, 关于客观心灵的理论等。 | |
| 410 | 0 | @12001 @a波普尔哲学著作集 |
| 510 | 1 | @aObjective knowledge@eAn evolutionary approach@zeng |
| 517 | 1 | @a一个进化论的研究 |
| 606 | 0 | @a认识论 |
| 690 | @aB023@v4 | |
| 701 | 1 | @a波普尔@Abo pu er@b卡尔@4著 |
| 701 | A1 | @aPopper@bKarl@4著 |
| 702 | 0 | @a舒炜光@Ashu wei guang@4译 |
| 702 | 0 | @a卓如飞@Azhuo ru fei@4译 |
| 702 | 0 | @a梁咏新@Aliang yong xin@4译 |
| 702 | 0 | @a范景中@Afan jing zhong@4主编 |
| 801 | 0 | @aCN@bQSSKf@c20041012 |
| 905 | @dB023@eK030 | |
| 906 | @dCNY50.00@n2@r1 | |
| 客观的知识:一个进化论的研究=Objective knowledge: an evolutionary approach/(英)卡尔·波普尔(Karl Popper)著/舒炜光, 卓如飞, 梁咏新等译.-杭州:中国美术学院出版社,2003.06 |
| 407页:表格;24cm.-(波普尔哲学著作集/范景中主编) |
| ISBN 7-81083-231-X:CNY 50.00 |
| 本书内容包括: 我对归纳问题的解决, 没有认识主体的认识论, 关于客观心灵的理论等。 |
| ● |
| 相关链接 |
|
|
|
正题名:客观的知识
索取号:B023/K030
 
预约/预借
| 序号 | 登录号 | 条形码 | 馆藏地/架位号 | 状态 | 备注 |
| 1 | 399654 | 203996541 | 社科库509/509社科库 7排2列5层/ [索取号:B023/K030] | 在馆 | |
| 2 | 399655 | 203996550 | 社科库509/509社科库 7排2列5层/ [索取号:B023/K030] | 在馆 |